Baby Names: Boys (1920s) Quiz Stats

 Plays Quiz Updated Aug 22, 2012

Challenge
Share
Tweet
Embed
Score 0/100 Timer 10:00
0 Plays Today
Rank Name % Correct
2John
94.6%
3James
85.8%
4William
85.5%
1Robert
80.6%
6George
80.4%
52Michael
80.3%
11Thomas
77.7%
22David
76.2%
14Paul
73.6%
12Frank
72.7%
8Richard
72.2%
59Peter
71.7%
5Charles
69.4%
9Edward
65.7%
7Joseph
65.7%
18Henry
65.3%
56Andrew
65%
23Harry
64.8%
45Daniel
64.4%
17Jack
63.5%
94Sam
60.8%
33Fred
59.5%
87Bill
57.6%
46Samuel
55%
13Harold
54.9%
91Benjamin
52.7%
10Donald
52.7%
93Ronald
52.2%
34Joe
50.9%
64Theodore
48.1%
41Anthony
47.8%
21Albert
46.6%
27Carl
46.3%
35Francis
44.6%
Rank Name % Correct
63Frederick
42.6%
16Walter
42.4%
20Arthur
42%
36Lawrence
41.5%
81Martin
41%
70Philip
40.8%
55Leo
40.6%
19Kenneth
39.7%
44Gerald
39.6%
90Victor
39.4%
29Louis
39.2%
78Charlie
38.3%
95Allen
36.4%
76Leon
36.2%
62Ray
35.9%
37Herbert
35.7%
26Howard
35.1%
48Billy
35%
38Leonard
34.9%
74Vincent
34.8%
15Raymond
32.9%
40Alfred
32.4%
42Stanley
29.2%
89Roger
28.7%
77Lewis
28.6%
57Edwin
28.5%
80Calvin
28.2%
100Oscar
27.8%
25Ralph
27.3%
50Marvin
25.7%
32Roy
25.6%
28Willie
25.4%
43Norman
25.3%
99Edgar
25%
Rank Name % Correct
24Eugene
24.2%
96Arnold
24.2%
31Earl
24.2%
51Warren
24.1%
39Ernest
24%
73Wayne
24%
47Bernard
23.7%
83Lee
23.6%
49Melvin
22.3%
71Alvin
21.9%
69Chester
21.5%
30Clarence
20.1%
61Lloyd
19.9%
54Russell
19.9%
84Jesse
19.6%
72Lester
18.6%
67Herman
18.6%
88Harvey
18.1%
79Glenn
17.9%
60Floyd
17.7%
75Gordon
17.1%
92Wallace
16.7%
82Milton
16.3%
53Leroy
16%
68Clyde
15.7%
65Clifford
14.9%
66Vernon
14.7%
85Dale
14.2%
58Elmer
14%
86Cecil
11.4%
98Gilbert
11.3%
97Willard
10.4%

You're not logged in!

Compare scores with friends on all Sporcle quizzes.
OR
Log In

You Might Also Like...

Show Comments

Extras

Top Quizzes Today


Score Distribution

Your Account Isn't Verified!

In order to create a playlist on Sporcle, you need to verify the email address you used during registration. Go to your Sporcle Settings to finish the process.

Report this User

Report this user for behavior that violates our Community Guidelines.

Details: